Statistiques concernant 10 pays européens les plus peuplés

Cliquez ici pour prendre le quiz!

Statistiques générales

  • Ce quiz a été pris 38 329 fois
  • Le résultat moyen est 9 sur 10

Statistiques - réponses

PopulationPays% Correct
65,3 MFrance
100%
83,8 MAllemagne
99%
46,8 MEspagne
98%
60,5 MItalie
97%
112 MRussie
97%
67,9 MRoyaume-Uni
96%
37,8 MPologne
90%
43,6 MUkraine
83%
19,2 MRoumanie
77%
17,2 MPays-Bas
65%

Distribution des résultats

Percentile par nombre de réponses

% des personnes avec chaque résultat

Votre développement - résultats

Vous n’avez pas pris ce quiz